LABORATORY PROCEDURES IN HEMATOLOGY (Record no. 15871)

MARC details
000 -LEADER
fixed length control field 00293nam a22001337a 4500
003 - CONTROL NUMBER IDENTIFIER
control field SGT
020 ## - INTERNATIONAL STANDARD BOOK NUMBER
International Standard Book Number 81-8061-657-6
082 ## - DEWEY DECIMAL CLASSIFICATION NUMBER
Classification number 616.075
Item number L06M
100 ## - MAIN ENTRY--PERSONAL NAME
Personal name MEHDI, S.R.
245 ## - TITLE STATEMENT
Title LABORATORY PROCEDURES IN HEMATOLOGY
260 ## - PUBLICATION, DISTRIBUTION, ETC. (IMPRINT)
Place of publication, distribution, etc INDIA
Name of publisher, distributor, etc JAYPEE
Year of Publication 2006
300 ## - PAGE DESCRIPTION
No. of Pages 96
942 ## - ADDED ENTRY ELEMENTS (KOHA)
Source of classification or shelving scheme Dewey Decimal Classification
Koha item type Books
Holdings
Withdrawn status Lost status Source of classification or shelving scheme Damaged status Not for loan Collection code Home library Current library Shelving location Date acquired Vendor Name Cost, normal purchase price SGTU Bill Number Total Checkouts Full call number Accession No. (Barcode) Date last seen Bill Date Koha item type
    Dewey Decimal Classification     MEDICAL SGT Medical Library SGT Medical Library Text Book 30/08/2018 ABC 250.00 SGTU 9842   616.075 L06M FM10908 30/08/2018 30/08/2018 Books
    Dewey Decimal Classification     MEDICAL SGT Medical Library SGT Medical Library Text Book 30/08/2018 ABC 250.00 SGTU 9842   616.075 L06M FM10909 30/08/2018 30/08/2018 Books
    Dewey Decimal Classification     MEDICAL SGT Medical Library SGT Medical Library Text Book 30/08/2018 ABC 250.00 SGTU 9842   616.075 L06M FM10910 30/08/2018 30/08/2018 Books